| 000 | 00730nam a22001937a 4500 | ||
|---|---|---|---|
| 999 |
_c160536 _d160536 |
||
| 005 | 20190204162753.0 | ||
| 010 | _aB-713094 | ||
| 020 | _c400.00 | ||
| 035 | _aB-713094 | ||
| 037 | _bRK Books | ||
| 082 | _a000 | ||
| 245 |
_aSSC CGL Tier-I examination: _bbilingual questions with bilingual solutions 11-40 / |
||
| 260 |
_aDelhi _bParamount Authors _c2017 |
||
| 270 |
_a704, 1st Floor, Near Batra Cinema, Dr. Mukherjee Nagar _bDelhi _e110009 |
||
| 300 |
_a476p. _c24cm(pbk) |
||
| 505 | _a30 Sets - Solved Papers 2016 | ||
| 942 |
_2ddc _cEN _mSSC _h000 |
||